000 01198cad a22002295a 4500
001 L139154
008 070723s2007 xxkd f 000 0 eng d
035 _a(Sirsi) u139154
041 0 _aeng
050 0 4 _a333.33 $2 18
110 2 _aColliers CRE
_95075
245 0 0 _aEast London property monitor
_bJuly 2007
_h[electronic resource]
260 _aLondon
_bColliers CRE
_c2007
520 _aAnalyses and forecasts the effects of the Olympic Games 2012 on East London's property market. Reports that previously sluggish office, retail and industrial rents have continued to rise following the Olympic bid win in 2005, and house prices in four of the five Olympic boroughs have risen at a higher rate over the last year compared to the Greater London average. Also covers the Olympics budget, planned Olympic development, the investment market, and hotel market.
590 _aKA
650 2 4 _aOLYMPIC GAMES 2012
651 4 _aEast London
690 _aPROPERTY-COMMERCIAL PROPERTY-COMMERCIAL PROPERTY MARKET
690 _aPROPERTY-COMMERCIAL PROPERTY-LEISURE PROPERTY-SPORTS PROPERTY
856 4 0 _uhttps://www.colliers.com
_zView the item free of charge at www.colliers.com...
942 _n0
999 _c107279
_d107279